00000000nam 2200000za 4500
0019.603132
003CaOODSP
00520210624210923
007cr |||||||||||
008150406s1998    onc|||||o    f|0| 0 fre d
040 |aCaOODSP|bfre
043 |an-cn---
0861 |aSC94-61/22-1998F-PDF
24503|aLa satisfaction des ministres des gouvernements Mulroney face à leurs sous-ministres, 1984-1993 / |h[ressource électronique]|c[par] Jacques Bourgault.
260 |aOttawa : |bCentre canadien de gestion, |c[1998].
300 |a70 p. : |btableaux
4901 |aRapport de recherche ; |vN° 22
500 |aLe n° de catalogue (SC94-61/22-1998) et l'ISBN (0-662–63582-5) de l'édition imprimée bilingue ont été incorrectement copiés dans cette édition électronique.
504 |aBibliographie.
590 |a12-09-Supp|b2012-03-21
69107|aFonction publique|2gcpds
7101 |aCanada.|bCentre canadien de gestion.
7201 |aBourgault, Jacques
77508|tThe satisfaction of ministers with the performance of their deputy ministers during the Mulroney governments, 1984-1993 |w(CaOODSP)9.572885
830#0|aRapport de recherche (Centre canadien de gestion)|vN° 22|w(CaOODSP)9.501133
85640|ahttp://publications.gc.ca|qPDF|s163 Ko|uhttps://publications.gc.ca/collections/Collection/SC94-61-22-1998F.pdf|yN° 22